[Event "English Schools Championship Final 2024"]
[Site "Nottingham University Kings Meadow Campus, United Kingdom"]
[Date "2024.06.28"]
[Round "5.24"]
[White "Hwang, Josh"]
[Black "Shah, Kian"]
[Result "0-1"]
[TimeControl "G50' + 10\" per move."]
[BlackFideId "447366"]
[WhiteElo "1533"]
[BlackElo "1896"]

1. e4 {[%clk 00:50:14]} {[%emt 00:00:07]} c5 {[%clk 00:50:17]} {[%emt
00:00:02]} 2. Nf3 {[%clk 00:50:07]} {[%emt 00:00:06]} d6 {[%clk 00:50:21]}
{[%emt 00:00:17]} 3. d4 {[%clk 00:50:02]} {[%emt 00:00:15]} cxd4 {[%clk
00:50:26]} {[%emt 00:00:05]} 4. Nxd4 {[%clk 00:50:06]} {[%emt 00:00:07]} Nf6
{[%clk 00:50:35]} 5. Nc3 {[%clk 00:50:14]} {[%emt 00:00:02]} g6 {[%clk
00:50:43]} {[%emt 00:00:02]} 6. Be3 {[%clk 00:49:59]} {[%emt 00:00:25]} Bg7
{[%clk 00:50:51]} {[%emt 00:00:02]} 7. Be2 {[%clk 00:49:40]} {[%emt 00:00:30]}
O-O {[%clk 00:50:58]} {[%emt 00:00:02]} 8. f4 {[%clk 00:49:16]} {[%emt
00:00:34]} Nc6 {[%clk 00:51:03]} {[%emt 00:00:05]} 9. Nf3 {[%clk 00:48:54]}
{[%emt 00:00:32]} Ng4 {[%clk 00:51:07]} {[%emt 00:00:05]} 10. Qd2 {[%clk
00:48:16]} {[%emt 00:00:48]} Nxe3 {[%clk 00:51:12]} {[%emt 00:00:05]} 11. Qxe3
{[%clk 00:48:08]} {[%emt 00:00:18]} Qa5 {[%clk 00:51:20]} {[%emt 00:00:02]} 12.
Qd2 {[%clk 00:46:10]} {[%emt 00:02:08]} Bg4 {[%clk 00:51:18]} {[%emt 00:00:13]}
13. O-O {[%clk 00:45:28]} {[%emt 00:00:53]} Rac8 {[%clk 00:51:05]} {[%emt
00:00:21]} 14. Rab1 {[%clk 00:44:18]} {[%emt 00:01:21]} a6 {[%clk 00:51:04]}
{[%emt 00:00:11]} 15. h3 {[%clk 00:43:02]} {[%emt 00:01:27]} Bxf3 {[%clk
00:51:11]} {[%emt 00:00:02]} 16. Bxf3 {[%clk 00:42:48]} {[%emt 00:00:24]} Nd4
{[%clk 00:51:20]} 17. Qf2 {[%clk 00:38:34]} {[%emt 00:04:24]} Nxf3+ {[%clk
00:51:03]} {[%emt 00:00:27]} 18. Qxf3 {[%clk 00:38:27]} {[%emt 00:00:17]} Bxc3
{[%clk 00:51:09]} {[%emt 00:00:04]} 19. bxc3 {[%clk 00:38:15]} {[%emt
00:00:21]} Rxc3 {[%clk 00:51:17]} {[%emt 00:00:02]} 20. Qf2 {[%clk 00:37:51]}
{[%emt 00:00:35]} b5 {[%clk 00:51:17]} {[%emt 00:00:10]} 21. Rb3 {[%clk
00:37:25]} {[%emt 00:00:35]} Rfc8 {[%clk 00:51:21]} {[%emt 00:00:07]} 22. Qe1
{[%clk 00:37:04]} {[%emt 00:00:29]} Qb6+ {[%clk 00:51:22]} {[%emt 00:00:10]} 23.
Qf2 {[%clk 00:36:03]} {[%emt 00:01:11]} Qxf2+ {[%clk 00:51:27]} {[%emt
00:00:06]} 24. Rxf2 {[%clk 00:36:03]} {[%emt 00:00:10]} Rxc2 {[%clk 00:51:35]}
{[%emt 00:00:02]} 25. Ra3 {[%clk 00:35:43]} {[%emt 00:00:29]} Rxf2 {[%clk
00:51:40]} {[%emt 00:00:05]} 26. Kxf2 {[%clk 00:35:42]} {[%emt 00:00:12]} Rc6
{[%clk 00:51:47]} {[%emt 00:00:03]} 27. Ke3 {[%clk 00:35:33]} {[%emt 00:00:18]}
Kf8 {[%clk 00:51:56]} {[%emt 00:00:01]} 28. g4 {[%clk 00:35:24]} {[%emt
00:00:19]} Ke8 {[%clk 00:52:00]} {[%emt 00:00:06]} 29. f5 {[%clk 00:35:04]}
{[%emt 00:00:31]} Kd7 {[%clk 00:52:09]} {[%emt 00:00:01]} 30. Kf4 {[%clk
00:35:00]} {[%emt 00:00:14]} h6 {[%clk 00:51:18]} {[%emt 00:01:01]} 31. g5
{[%clk 00:34:34]} {[%emt 00:00:36]} h5 {[%clk 00:51:23]} {[%emt 00:00:05]} 32.
fxg6 {[%clk 00:34:13]} {[%emt 00:00:30]} fxg6 {[%clk 00:51:28]} {[%emt
00:00:05]} 33. e5 {[%clk 00:33:35]} {[%emt 00:00:48]} d5 {[%clk 00:50:54]}
{[%emt 00:00:45]} 34. Ke3 {[%clk 00:32:57]} {[%emt 00:00:48]} Ke6 {[%clk
00:50:59]} {[%emt 00:00:05]} 35. Kf3 {[%clk 00:31:43]} {[%emt 00:01:23]} Kxe5
{[%clk 00:51:01]} {[%emt 00:00:08]} 36. Re3+ {[%clk 00:30:50]} {[%emt
00:01:03]} Kd6 {[%clk 00:51:09]} {[%emt 00:00:02]} 37. Kg3 {[%clk 00:30:36]}
{[%emt 00:00:25]} e5 {[%clk 00:51:17]} {[%emt 00:00:02]} 38. Rf3 {[%clk
00:30:36]} {[%emt 00:00:09]} d4 {[%clk 00:51:17]} {[%emt 00:00:10]} 39. Rf6+
{[%clk 00:30:22]} {[%emt 00:00:24]} Kd5 {[%clk 00:51:26]} 40. Kf2 {[%clk
00:29:30]} {[%emt 00:01:01]} Rxf6+ {[%clk 00:51:29]} {[%emt 00:00:09]} 41. gxf6
{[%clk 00:29:37]} {[%emt 00:00:03]} Ke6 {[%clk 00:51:36]} {[%emt 00:00:03]} 42.
f7 {[%clk 00:29:20]} {[%emt 00:00:27]} Kxf7 {[%clk 00:51:44]} {[%emt 00:00:02]}
43. Kf3 {[%clk 00:29:11]} {[%emt 00:00:19]} d3 {[%clk 00:51:51]} {[%emt
00:00:02]} 44. Ke3 {[%clk 00:28:46]} {[%emt 00:00:36]} e4 {[%clk 00:52:00]}
{[%emt 00:00:01]} 45. a3 {[%clk 00:28:44]} {[%emt 00:00:11]} Ke6 {[%clk
00:52:09]} {[%emt 00:00:02]} 46. h4 {[%clk 00:28:39]} {[%emt 00:00:16]} Ke5
{[%clk 00:52:17]} {[%emt 00:00:01]} 47. a4 {[%clk 00:28:33]} {[%emt 00:00:14]}
b4 {[%clk 00:52:23]} {[%emt 00:00:05]} 48. a5 {[%clk 00:27:59]} {[%emt
00:00:44]} b3 {[%clk 00:52:32]} {[%emt 00:00:02]} 49. Kd2 {[%clk 00:27:51]}
{[%emt 00:00:18]} b2 {[%clk 00:52:40]} {[%emt 00:00:02]} 50. Ke3 {[%clk
00:27:46]} {[%emt 00:00:14]} b1=N {[%clk 00:52:45]} {[%emt 00:00:06]} 51. Kf2
{[%clk 00:27:29]} {[%emt 00:00:27]} Kd4 {[%clk 00:52:50]} {[%emt 00:00:05]} 52.
Ke1 {[%clk 00:27:36]} {[%emt 00:00:03]} e3 {[%clk 00:52:56]} {[%emt 00:00:04]}
53. Kd1 {[%clk 00:27:35]} {[%emt 00:00:10]} Nc3+ {[%clk 00:52:58]} {[%emt
00:00:08]} 54. Ke1 {[%clk 00:27:38]} {[%emt 00:00:07]} d2+ {[%clk 00:53:05]}
{[%emt 00:00:03]} 55. Kf1 {[%clk 00:27:31]} {[%emt 00:00:18]} d1=N {[%clk
00:53:13]} {[%emt 00:00:02]} 56. Kg2 {[%clk 00:27:21]} {[%emt 00:00:18]} e2
{[%clk 00:53:19]} {[%emt 00:00:05]} 57. Kh1 {[%clk 00:27:26]} {[%emt 00:00:05]}
e1=N {[%clk 00:53:23]} {[%emt 00:00:07]} 58. Kg1 {[%clk 00:27:26]} {[%emt
00:00:09]} Nf3+ {[%clk 00:53:27]} {[%emt 00:00:07]} 59. Kh1 {[%clk 00:27:01]}
{[%emt 00:00:35]} Nxh4 {[%clk 00:53:32]} {[%emt 00:00:05]} 60. Kh2 {[%clk
00:26:56]} {[%emt 00:00:15]} g5 {[%clk 00:53:38]} {[%emt 00:00:04]} 61. Kh3
{[%clk 00:26:23]} {[%emt 00:00:43]} Nf5 {[%clk 00:53:40]} {[%emt 00:00:08]} 62.
Kg2 {[%clk 00:26:16]} {[%emt 00:00:17]} g4 {[%clk 00:53:47]} {[%emt 00:00:03]}
63. Kf1 {[%clk 00:26:18]} {[%emt 00:00:08]} h4 {[%clk 00:53:52]} {[%emt
00:00:05]} 64. Ke1 {[%clk 00:26:23]} {[%emt 00:00:05]} h3 {[%clk 00:53:57]}
{[%emt 00:00:04]} 65. Kd2 {[%clk 00:26:26]} {[%emt 00:00:07]} h2 {[%clk
00:54:03]} {[%emt 00:00:04]} 66. Kc2 {[%clk 00:26:30]} {[%emt 00:00:06]} h1=N
{[%clk 00:54:08]} {[%emt 00:00:06]} 67. Kb3 {[%clk 00:26:30]} {[%emt 00:00:09]}
g3 {[%clk 00:54:13]} {[%emt 00:00:05]} 68. Kb4 {[%clk 00:26:32]} {[%emt
00:00:08]} g2 {[%clk 00:54:19]} {[%emt 00:00:05]} 69. Kb3 {[%clk 00:26:24]}
{[%emt 00:00:17]} Kc5 {[%clk 00:54:26]} {[%emt 00:00:03]} 70. Kc2 {[%emt
00:00:14]} g1=N {[%clk 00:54:29]} 71. Kd3 {[%clk 00:26:25]} {[%emt 00:00:12]}
Kb5 {[%clk 00:54:34]} {[%emt 00:00:05]} 72. Kc2 {[%clk 00:25:58]} {[%emt
00:00:36]} Kxa5 {[%clk 00:54:40]} {[%emt 00:00:04]} 73. Kd3 {[%clk 00:25:28]}
{[%emt 00:00:39]} Kb4 {[%clk 00:54:45]} {[%emt 00:00:05]} 74. Kc2 {[%clk
00:25:29]} {[%emt 00:00:11]} a5 {[%clk 00:54:50]} {[%emt 00:00:05]} 75. Kc1
{[%clk 00:25:03]} {[%emt 00:00:35]} a4 {[%clk 00:54:54]} {[%emt 00:00:06]} 76.
Kd2 {[%clk 00:25:06]} {[%emt 00:00:08]} a3 {[%clk 00:55:00]} {[%emt 00:00:03]}
77. Ke1 {[%clk 00:25:09]} {[%emt 00:00:07]} a2 {[%clk 00:55:04]} {[%emt
00:00:07]} 78. Kf1 {[%clk 00:25:15]} {[%emt 00:00:04]} Nh3 {[%clk 00:55:01]}
{[%emt 00:00:11]} 79. Kg2 {[%clk 00:25:10]} {[%emt 00:00:16]} Nhf2 {[%clk
00:55:07]} {[%emt 00:00:05]} 80. Kf3 {[%clk 00:25:14]} {[%emt 00:00:06]} Kc4
{[%clk 00:54:52]} {[%emt 00:00:25]} 81. Kg2 {[%clk 00:25:16]} {[%emt 00:00:08]}
Kd4 {[%clk 00:54:58]} {[%emt 00:00:04]} 82. Kh2 {[%clk 00:24:52]} {[%emt
00:00:35]} Nd5 {[%clk 00:54:40]} {[%emt 00:00:27]} 83. Kg2 {[%clk 00:25:00]}
{[%emt 00:00:02]} Nde3+ {[%clk 00:54:33]} {[%emt 00:00:17]} 84. Kh2 {[%clk
00:24:33]} {[%emt 00:00:36]} Neg4+ {[%clk 00:53:48]} {[%emt 00:00:55]} 85. Kg2
{[%clk 00:24:40]} {[%emt 00:00:04]} Ke3 {[%clk 00:53:48]} {[%emt 00:00:10]} 86.
Kf1 {[%clk 00:24:19]} {[%emt 00:00:31]} Ndf4 {[%clk 00:53:08]} {[%emt
00:00:50]} 87. Ke1 {[%clk 00:24:20]} {[%emt 00:00:09]} N4d3+ {[%clk 00:53:09]}
{[%emt 00:00:09]} 88. Kf1 {[%clk 00:24:21]} {[%emt 00:00:08]} Nhf4 {[%clk
00:52:26]} {[%emt 00:00:54]} 89. Kg1 {[%clk 00:24:11]} {[%emt 00:00:20]} Kf3
{[%clk 00:51:36]} {[%emt 00:01:31]} 90. Kf1 {[%clk 00:24:11]} {[%emt 00:00:32]}
a1=Q# {[%clk 00:51:40]} {[%emt 00:00:06]} 0-1

[Event "English Schools Championship Final 2024"]
[Site "Nottingham University Kings Meadow Campus, United Kingdom"]
[Date "2024.06.28"]
[Round "5.25"]
[White "Terim, Bartu"]
[Black "Han, Yichen"]
[Result "0-1"]
[TimeControl "G50' + 10\" per move."]
[WhiteFideId "51615614"]
[BlackFideId "1054430"]
[WhiteElo "1915"]
[BlackElo "2434"]

1. d4 {[%clk 00:50:18]} {[%emt 00:00:01]} d5 {[%clk 00:50:12]} {[%emt
00:00:09]} 2. Bf4 {[%clk 00:50:23]} {[%emt 00:00:05]} Nf6 {[%clk 00:50:08]}
{[%emt 00:00:14]} 3. Nf3 {[%clk 00:50:29]} {[%emt 00:00:04]} c5 {[%clk
00:50:12]} {[%emt 00:00:07]} 4. e3 {[%clk 00:50:35]} {[%emt 00:00:04]} Nc6
{[%clk 00:50:18]} {[%emt 00:00:04]} 5. Nbd2 {[%clk 00:50:38]} {[%emt 00:00:06]}
Nh5 {[%clk 00:50:21]} {[%emt 00:00:07]} 6. Bg5 {[%clk 00:50:40]} {[%emt
00:00:08]} h6 {[%clk 00:50:22]} {[%emt 00:00:09]} 7. Bh4 {[%clk 00:50:47]}
{[%emt 00:00:04]} g5 {[%clk 00:49:53]} {[%emt 00:00:39]} 8. Ne5 {[%clk
00:50:28]} {[%emt 00:00:29]} Nxe5 {[%clk 00:47:39]} {[%emt 00:02:24]} 9. dxe5
{[%clk 00:48:06]} {[%emt 00:02:31]} Ng7 {[%clk 00:47:28]} {[%emt 00:00:21]} 10.
Bg3 {[%clk 00:47:56]} {[%emt 00:00:21]} Nf5 {[%clk 00:45:48]} {[%emt 00:01:50]}
11. Qf3 {[%clk 00:44:42]} {[%emt 00:03:24]} Nxg3 {[%clk 00:43:15]} {[%emt
00:02:43]} 12. Qxg3 {[%clk 00:44:45]} {[%emt 00:00:07]} Qb6 {[%clk 00:40:11]}
{[%emt 00:03:13]} 13. Bd3 {[%clk 00:43:07]} {[%emt 00:01:49]} c4 {[%clk
00:37:34]} {[%emt 00:02:47]} 14. Be2 {[%clk 00:43:07]} {[%emt 00:00:10]} Qxb2
{[%clk 00:37:19]} {[%emt 00:00:25]} 15. O-O {[%clk 00:43:02]} {[%emt 00:00:15]}
Qxc2 {[%clk 00:36:57]} {[%emt 00:00:32]} 16. Rfd1 {[%clk 00:43:02]} {[%emt
00:00:10]} Bg7 {[%clk 00:35:56]} {[%emt 00:01:11]} 17. e4 {[%clk 00:42:33]}
{[%emt 00:00:40]} dxe4 {[%clk 00:33:46]} {[%emt 00:02:20]} 18. Bxc4 {[%clk
00:41:27]} {[%emt 00:01:16]} O-O {[%clk 00:32:15]} {[%emt 00:01:40]} 19. Bd5
{[%clk 00:33:49]} {[%emt 00:07:48]} Qd3 {[%clk 00:25:22]} {[%emt 00:07:02]} 20.
Nf3 {[%clk 00:32:13]} {[%emt 00:01:47]} Qa3 {[%clk 00:24:19]} {[%emt 00:01:12]}
21. Bxe4 {[%clk 00:31:59]} {[%emt 00:00:24]} g4 {[%clk 00:23:50]} {[%emt
00:00:39]} 22. Kh1 {[%clk 00:29:31]} {[%emt 00:02:38]} gxf3 {[%clk 00:19:22]}
{[%emt 00:04:38]} 23. gxf3 {[%clk 00:29:36]} {[%emt 00:00:05]} Kh8 {[%clk
00:19:20]} {[%emt 00:00:12]} 24. Rg1 {[%clk 00:29:40]} {[%emt 00:00:06]} Rg8
{[%clk 00:19:26]} {[%emt 00:00:04]} 25. Rg2 {[%clk 00:28:58]} {[%emt 00:00:52]}
Bd7 {[%clk 00:15:48]} {[%emt 00:03:47]} 26. e6 {[%clk 00:21:06]} {[%emt
00:08:02]} Bxe6 {[%clk 00:12:52]} {[%emt 00:03:05]} 27. Rag1 {[%clk 00:19:37]}
{[%emt 00:01:40]} Qc3 {[%clk 00:12:23]} {[%emt 00:00:38]} 28. Qh4 {[%clk
00:19:08]} {[%emt 00:00:40]} Qf6 {[%clk 00:11:28]} {[%emt 00:01:05]} 29. Qh5
{[%clk 00:18:56]} {[%emt 00:00:22]} Rac8 {[%clk 00:09:28]} {[%emt 00:02:10]}
0-1

[Event "English Schools Championship Final 2024"]
[Site "Nottingham University Kings Meadow Campus, United Kingdom"]
[Date "2024.06.28"]
[Round "5.26"]
[White "Zakarian, Dimitrios Levon"]
[Black "Rivera, Roman"]
[Result "1-0"]
[TimeControl "G50' + 10\" per move."]
[WhiteFideId "453080"]
[WhiteElo "2096"]
[BlackElo "1699"]

1. d4 {[%clk 00:50:10]} d5 {[%clk 00:50:15]} {[%emt 01:30:05]} 2. c4 {[%clk
00:50:21]} Nf6 {[%clk 00:50:18]} {[%emt 00:00:10]} 3. Nf3 {[%clk 00:50:20]} Bf5
{[%clk 00:50:11]} {[%emt 00:00:28]} 4. Nc3 {[%clk 00:50:04]} e6 {[%clk
00:49:43]} {[%emt 00:01:03]} 5. Bg5 {[%clk 00:49:57]} c6 {[%clk 00:48:24]}
{[%emt 00:01:45]} 6. e3 {[%emt 00:02:09]} Be7 7. cxd5 {[%clk 00:48:35]} {[%emt
00:00:14]} exd5 {[%clk 00:47:03]} {[%emt 00:01:00]} 8. Bd3 {[%clk 00:48:32]}
{[%emt 00:00:14]} Ne4 {[%clk 00:42:42]} {[%emt 00:04:32]} 9. Bf4 {[%clk
00:48:09]} {[%emt 00:00:33]} Nd7 {[%clk 00:41:09]} {[%emt 00:01:41]} 10. Qc2
{[%clk 00:47:25]} {[%emt 00:00:56]} Ndf6 {[%clk 00:40:06]} {[%emt 00:01:13]} 11.
Nd2 {[%clk 00:46:34]} {[%emt 00:01:00]} Bb4 {[%clk 00:38:22]} {[%emt 00:01:55]}
12. O-O {[%clk 00:44:31]} {[%emt 00:02:13]} Nxd2 {[%clk 00:36:57]} {[%emt
00:01:36]} 13. Qxd2 {[%clk 00:44:30]} {[%emt 00:00:11]} Bxd3 {[%clk 00:35:31]}
{[%emt 00:01:37]} 14. Qxd3 {[%clk 00:44:37]} {[%emt 00:00:02]} O-O {[%clk
00:34:33]} {[%emt 00:01:07]} 15. a3 {[%clk 00:43:06]} {[%emt 00:01:42]} Bd6
{[%clk 00:33:47]} {[%emt 00:00:55]} 16. Bg5 {[%clk 00:41:52]} {[%emt 00:01:24]}
Be7 {[%clk 00:33:22]} {[%emt 00:00:35]} 17. b4 {[%clk 00:40:42]} {[%emt
00:01:20]} b5 {[%clk 00:29:49]} {[%emt 00:03:43]} 18. Rfc1 {[%emt 00:03:18]}
Qd7 {[%clk 00:28:10]} 19. Bxf6 {[%clk 00:39:00]} {[%emt 00:00:33]} Bxf6 {[%clk
00:27:02]} {[%emt 00:01:18]} 20. Nb1 {[%clk 00:38:57]} {[%emt 00:00:13]} a5
{[%clk 00:24:40]} {[%emt 00:02:31]} 21. Nd2 {[%clk 00:37:22]} {[%emt 00:01:45]}
a4 {[%clk 00:23:45]} {[%emt 00:01:05]} 22. Rc3 {[%clk 00:36:39]} {[%emt
00:00:53]} Rfc8 {[%clk 00:22:14]} {[%emt 00:01:41]} 23. Rac1 {[%clk 00:36:23]}
{[%emt 00:00:25]} Bg5 {[%clk 00:20:26]} {[%emt 00:01:58]} 24. Qc2 {[%clk
00:35:40]} {[%emt 00:00:53]} Ra6 {[%clk 00:20:08]} {[%emt 00:00:28]} 25. Nf3
{[%clk 00:34:56]} {[%emt 00:00:54]} Bf6 {[%emt 00:02:49]} 26. Rc5 {[%clk
00:34:33]} Rb6 {[%clk 00:14:20]} {[%emt 00:03:53]} 27. e4 {[%clk 00:31:10]}
{[%emt 00:03:32]} dxe4 {[%clk 00:09:14]} {[%emt 00:05:16]} 28. Qxe4 {[%clk
00:31:12]} {[%emt 00:00:07]} Re8 {[%clk 00:08:25]} {[%emt 00:01:00]} 29. Ne5
{[%clk 00:26:21]} {[%emt 00:05:01]} Bxe5 {[%clk 00:07:33]} {[%emt 00:01:03]} 30.
Rxe5 {[%clk 00:25:45]} {[%emt 00:00:46]} Rxe5 {[%clk 00:06:51]} {[%emt
00:00:52]} 31. Qxe5 {[%clk 00:25:46]} {[%emt 00:00:08]} h6 {[%clk 00:06:02]}
{[%emt 00:01:00]} 32. h3 {[%clk 00:24:55]} {[%emt 00:01:01]} Rb7 {[%clk
00:04:34]} {[%emt 00:01:38]} 33. Qc5 {[%clk 00:23:48]} {[%emt 00:01:17]} Rb8
{[%clk 00:02:42]} {[%emt 00:02:02]} 34. Qxc6 {[%clk 00:22:49]} {[%emt
00:01:09]} Qxc6 {[%clk 00:02:42]} {[%emt 00:00:10]} 35. Rxc6 {[%clk 00:22:54]}
{[%emt 00:00:04]} Rd8 {[%clk 00:02:43]} {[%emt 00:00:10]} 36. Kf1 {[%clk
00:21:49]} {[%emt 00:01:15]} Rxd4 {[%clk 00:02:49]} {[%emt 00:00:04]} 37. Ke2
{[%clk 00:21:55]} {[%emt 00:00:04]} Rd5 {[%clk 00:02:42]} {[%emt 00:00:17]} 38.
Rc8+ {[%clk 00:21:14]} {[%emt 00:00:51]} Kh7 {[%clk 00:02:49]} {[%emt
00:00:03]} 39. Rc5 {[%clk 00:21:00]} {[%emt 00:00:24]} Rd4 {[%clk 00:02:11]}
{[%emt 00:00:49]} 40. Rxb5 {[%clk 00:21:02]} {[%emt 00:00:07]} Rd8 {[%clk
00:00:53]} {[%emt 00:01:28]} 41. Ra5 {[%clk 00:21:05]} {[%emt 00:00:08]} Kg6
{[%clk 00:00:55]} {[%emt 00:00:08]} 42. Rxa4 {[%clk 00:21:10]} {[%emt
00:00:05]} Kf6 {[%clk 00:00:58]} {[%emt 00:00:06]} 43. Ra7 {[%clk 00:21:01]}
{[%emt 00:00:19]} Ke6 {[%clk 00:00:51]} {[%emt 00:00:18]} 44. b5 {[%clk
00:20:54]} {[%emt 00:00:17]} Rb8 {[%clk 00:00:11]} {[%emt 00:00:50]} 45. a4
{[%clk 00:20:59]} {[%emt 00:00:05]} Kd6 {[%clk 00:00:13]} {[%emt 00:00:08]} 46.
Rxf7 {[%clk 00:21:00]} {[%emt 00:00:08]} 1-0